A ovelhina preta (Registo nº 4501)

Detalhes MARC
000 -Etiqueta do registo
Cabeçalho 00889nam0a2200289 4500
005 - Identificador da versão
Campo de controlo 20240813122104.0
010 ## - Número internacional normalizado dos livros (ISBN)
Número (ISBN) 9789722111164
021 ## - Número do Depósito Legal
Código do país PT
Número 395880/15
003 - Persistent Record Identifier
control field http://porbase.bnportugal.pt/ipac20/ipac.jsp?profile=bn&uri=full=3100024~!2675158~!0
100 ## - Dados gerais de processamento
Dados gerais de processamento 20161028d2015 c y0pory50030103ba
102 ## - Pais de publicação ou produção
País de publicação Portugal
101 1# - Língua de publicação
Língua do texto, banda sonora, etc. Português
Língua do documento no original Inglês
215 ## - Descrição física 
Indicação específica da natureza do documento e extensão da espécie 50, [4] p.
Outras indicações físicas il
200 1# - Titulo e menção de responsabilidade
Título próprio A ovelhina preta
Primeira menção de responsabilidade texto e ilustrações de Elizabeth Shaw
205 ## - Menção da edição
Menção da edição 6ª ed
210 ## - Publicação, Distribuição, etc. 
Lugar da edição, distribuição, etc. Alfragide
Nome do editor, distribuidor, etc. Caminho
Data da publicação, distribuição, etc. D. L. 2015
300 ## - Notas gerais 
Texto da nota Metas Curriculares
Texto da nota PNL
606 ## - Nome comum usado como assunto
Número de registo de entrada de autoridade 0001379
Palavra de ordem Literatura irlandesa
Subdivisão de assunto Conto
Código do sistema CA
675 ## - Classificação Decimal Universal (CDU)
Notação 821.111(417)-34
Edição 3ª ed.
Língua da edição pro
702 #1 - Nome de autor-pessoa física (responsabilidade secundária)
Número de registo de entrada de autoridade 0001377
Palavra de ordem Shaw
Outra parte do nome não tomada para palavra de ordem Elizabeth
Datas 1920-1992
Código de função Ilustrador / Técnico de desenho computorizado
700 #1 - Nome de autor-pessoa física (responsabilidade principal)
Número de registo de entrada de autoridade 0001377
Palavra de ordem Shaw
Outra parte do nome não tomada para palavra de ordem Elizabeth
Datas 1920-1992
966 ## - Identificação da Biblioteca
Sigla EBVEN
942 ## - Elementos de entrada adicionados (Koha)
Tipo de item no Koha Livro
Exemplares
Situação do levantamento Origin of item (home branch) (coded) Biblioteca de empréstimo Código de barras Cota Circulation type (not for loan) Tipo de documento Nota do exemplar Damaged status
  Biblioteca Escolar das Vendas Biblioteca Escolar das Vendas BEV2509 8EST SHA MET PNL   Livro Sem mensagem